کاونسل دستاویز / (Record no. 197881)

MARC details
000 -LEADER
fixed length control field 00630nam a22001937a 4500
005 - DATE AND TIME OF LATEST TRANSACTION
control field 20230906113650.0
010 ## - LCCN (DPL NO)
LC control number UR-12207
020 ## - INTERNATIONAL STANDARD BOOK NUMBER
Terms of availability 250.00
035 ## - SYSTEM CONTROL NUMBER
System control number U-10762
037 ## - SOURCE OF ACQUISITION
Source of stock number/acquisition DBAD/PUB
Stock number -
082 ## - DEWEY DECIMAL CLASSIFICATION NUMBER
Classification number 340
100 ## - MAIN ENTRY--PERSONAL NAME
Personal name عطا حسین انصاری
245 ## - TITLE STATEMENT
Title کاونسل دستاویز /
Statement of responsibility, etc عطا حسین انصاری
Medium ا ر د و
246 ## - VARYING FORM OF TITLE
Title proper/short title Council Dastavez /
Remainder of title Ata Hussain Ansari
260 ## - PUBLICATION, DISTRIBUTION, ETC. (IMPRINT)
Place of publication, distribution, etc پٹنہ
Name of publisher, distributor, etc بہار قانون ساز کاونسل
Date of publication, distribution, etc 2021 ء
300 ## - PHYSICAL DESCRIPTION
Extent 400 ص
Dimensions 24cm(pbk)
700 ## - ADDED ENTRY--PERSONAL NAME
Personal name مرتب۔ دردانہ قبسی
9 (RLIN) 56000
942 ## - ADDED ENTRY ELEMENTS (KOHA)
Source of classification or shelving scheme Dewey Decimal Classification
Item type Urdu Bks
Classification part 340
Call number suffix ع ط ا
Holdings
Withdrawn status Lost status Not for loan Collection code Home library Current library Date acquired Source of acquisition Cost, normal purchase price Full call number Barcode Copy number Cost, replacement price Koha item type
      Non-fiction Sarojini Nagar Sarojini Nagar 06/09/2023 DBAD/PUB 250.00 340 ع ط ا U-10762 1 250.00 Urdu Bks

© Delhi Public Library
Hit Counter
free hit counter